000 01181cam a2200361 i 4500
001 200468301
003 TR-AnTOB
005 20260424160250.0
007 ta
008 260424r19741972nyu 000 1 eng d
010 _a 88009748
035 _a547512
040 _aDLC
_beng
_erda
_cDLC
_dDLC
_dTR-AnTOB
041 0 _aeng
043 _aa-vt---
_an-us---
050 1 0 _aPS3573.I4495
_bC3 1974
090 _aPS3573.I4495
_bC3 1974 TıpFaK
100 1 _aWilliams, John A.,
_d1925-2015
_eauthor
_9153920
245 1 0 _aCaptain Blackman :
_ba novel /
_cby John A. Williams.
250 _aBantam edittion published September 1974
264 1 _aNew York :
_bBantam,
_c1974.
300 _a311 pages ;
_c18 cm
336 _atext
_btxt
_2rdacontent
337 _aunmediated
_bn
_2rdamedia
338 _avolume
_bnc
_2rdacarrier
650 0 _aVietnam War, 1961-1975
_xParticipation, African American
_vFiction.
_930068
650 0 _aAfrican American soldiers
_vFiction.
655 7 _aWar stories.
_2gsafd
_95022
655 7 _aFiction.
_2lcgft
_0https://id.loc.gov/authorities/genreForms/gf2014026339
_9151487
942 _2lcc
_cBK
999 _c200468301
_d86513